| 000 | 00503nam a2200169 i 4500 | ||
|---|---|---|---|
| 001 | 28961 | ||
| 003 | ES-MaACL | ||
| 005 | 20230906153946.0 | ||
| 007 | t| | ||
| 008 | 030120s1971 sp ||||1| spa d | ||
| 100 | 1 |
_aBalthasar, Hans Urs von. _925129 |
|
| 245 | 1 | 0 |
_aSólo el amor es digno de fé / _cHans Urs von Balthasar ; [tradujo Carlos Vigil]. |
| 260 |
_aSalamanca : _bSígueme, _c1971. |
||
| 300 |
_a142 p. ; _c19 cm. |
||
| 700 | 1 |
_aVigil, Carlos. _9114624 |
|
| 852 |
_aES-MaACL _jC-46482 _bR.79643 |
||
| 999 |
_c28961 _d28961 |
||